| 000 | 00476nam a2200205Ia 4500 | ||
|---|---|---|---|
| 003 | OSt | ||
| 005 | 20251209154405.0 | ||
| 008 | 250729s1996 xx 000 0 und d | ||
| 020 | _a978-8124113578 | ||
| 040 | _cAL | ||
| 041 | _aeng | ||
| 082 | _a320 AROP | ||
| 100 |
_aArora N D _9226415 |
||
| 245 | _aPolitical theory | ||
| 260 |
_aNew Delhi _c1996 |
||
| 300 | _a386p | ||
| 650 |
_aPolitical Science _9226416 |
||
| 700 |
_aRao Digumurthi _9226417 |
||
| 942 |
_2ddc _cBED |
||
| 999 |
_c237291 _d237291 |
||